01265nam a22001697a 4500003000400000020001800004082001600022100002200038245006400060250000900124260002600133653060000159942001600759952014500775952016000920999001501080SGT a9788132204268 a547.5, CAR  aCAREY A. FRANCIS  aADVANCED ORGANIC CHEMISTRY (PRAT B: REACTION AND SYNTHESIS  a5TH  aNEW DELHI bSPRINGER  aAlkylation of Enolates and Other Carbon Nucleophiles, Reactions of Carbon Nucleophiles with Carbonyl Compounds, Functional Group Interconversion by Substitution, Including Protection and Deprotection, Electrophilic Additions to Carbon-Carbon Multiple Bonds, Reduction of Carbon-Carbon Multiple Bonds, Carbonyl Groups, and Other Functional Groups, Concerted Cycloadditions, Unimolecular Rearrangements, and Thermal Eliminations, Organometallic Compounds of Group I and II Metals, Reactions Involving Transition Metals, Aromatic Substitution Reactions, Oxidations, Multistep Syntheses, Back Matter 2ddccFPS04 00102ddc4071aSSSLbSSSLcREFd2016-06-25eKIRTI PRAKASHAN g995.00iSGTUo547.5, CARpPS1435r2016-06-25 00:00:00w2015-12-02yFPSk3307 00102ddc4070aSSSLbSSSLcTXTd2016-06-25eKIRTI PRAKASHAN g995.00iSGTUl4o547.5, CARpPS1436r2023-11-10 00:00:00s2023-10-31w2015-12-02yFPSk3307 c9233d9233